Who Made It? — The Silmarillion - Statistics

General Stats
  • This quiz has been taken 20 times
  • The average score is 4 of 12
Answer Stats
Hint Answer % Correct
The Silmarils Fëanor
100%
Tengwar Fëanor
67%
The Palantíri Fëanor
61%
Anglachel Eöl
39%
Anguirel Eöl
33%
Narsil Telchar
28%
Angainor Aulë
22%
Angrist Telchar
22%
The Cirth Daeron
17%
The Elfstone Enerdhil
17%
Dragon-helm of Dor-lómin Telchar
17%
The Sarati Rúmil
6%
No matching quizzes found
Score Distribution
Percent of People with Each Score
Percentile by Number Answered
Your Score History
You have not taken this quiz